| 000 | 00354nam a2200121Ia 4500 | ||
|---|---|---|---|
| 008 | 190216s9999||||xx |||||||||||||| ||und|| | ||
| 100 | _aRamesh S Gaonkar | ||
| 245 | 0 | _a"Microprocessor Architechture,Programming And Applications With The 8085" | |
| 260 |
_bPenram International Publishing India _c1989 |
||
| 300 | _a758p | ||
| 650 | _aComputer | ||
| 942 | _cBK | ||
| 999 |
_c8521 _d8521 |
||